00000000nam 2200000za 4500
0019.846067
003CaOODSP
00520221107153118
007cr |||||||||||
008171025s1978    oncd    o    f000 0 eng d
040 |aCaOODSP|beng
0410 |aeng|bfre
043 |an-cn---
0861 |aR5-529/1978E-PDF
24502|aA recommended plan for evaluation in Indian education |h[electronic resource].
260 |a[Ottawa?] : |bDepartment of Indian Affairs and Northern Development, Indian and Inuit Affairs Program, Program Evaluation Branch, |c1978.
300 |a1 v. (various pagings) : |bcharts
500 |a"July 1978."
500 |aDigitized edition from print [produced by Indigenous and Northern Affairs Canada].
520 |a"The Indian and Inuit Affairs Program has assigned a high priority to evaluating the department's efforts in education. This report proposes how the Program Evaluation Branch should carry out this task over the period 1978-1981."--Introduction, p. [i].
546 |aText in English, executive summary in English and French.
69207|2gccst|aAboriginal programs
69207|2gccst|aEducation
69207|2gccst|aAssessment
7101 |aCanada. |bDepartment of Indian Affairs and Northern Development.
7102 |aIndian and Inuit Affairs Program (Canada)
85640|qPDF|s4.52 MB|uhttps://publications.gc.ca/collections/collection_2017/aanc-inac/R5-529-1978-eng.pdf